| 000 | 00462ntaaa2200193 4500 | ||
|---|---|---|---|
| 003 | 01 | ||
| 005 | 20251027202807.0 | ||
| 008 | 0714s1973 ag 01 | ||
| 040 |
_aAR-BaBN _bspa _cAR-BaBN _eaacr _dRIC |
||
| 082 | _a863.8200 C14e | ||
| 100 |
_aCambaceres, Eugenio _928236 |
||
| 245 | _aEn la sangre | ||
| 250 | _a1 ed. | ||
| 260 |
_aBuenos Aires : _bEUDEBA, _c1967 |
||
| 300 | _a141 p | ||
| 650 |
_anovela _96781 |
||
| 700 |
_aViƱas, David _928237 |
||
| 942 | _cBK | ||
| 999 |
_c23274 _d23274 |
||